000 00177 a2200097 4500
020 _a9781609921859
041 _aspa
100 _aBingham, Jane
245 _aTristeza
942 _cBK
999 _c8998
_d8998